[Event "Rheinland Pfalz Seniors op 20th"]
[Site "Altenkirchen"]
[Date "2023.09.12"]
[Round "8"]
[White "Zunker, Reinhard"]
[Black "Scholl, Eckhard"]
[Result "1/2-1/2"]
[WhiteElo "1952"]
[BlackElo "1862"]
[PlyCount "58"]
[EventDate "2023.09.05"]
[EventType "swiss"]
[EventRounds "9"]
[EventCountry "GER"]
[SourceTitle "CBM 216 Extra"]
[Source "ChessBase"]
[SourceDate "2023.11.30"]
[SourceVersion "1"]
[SourceVersionDate "2023.11.30"]
[SourceQuality "1"]

1. e4 c5 2. Nf3 Nc6 3. Nc3 g6 4. Bb5 Bg7 5. Bxc6 dxc6 6. d3 Nf6 7. 0-0 0-0 8. Be3 b6 9. h3 Nd7 10. Qd2 e5 11. Bh6 Qe7 12. Bxg7 Kxg7 13. Rae1 b5 14. Nh2 h5 15. f4 f6 16. Nd1 Bb7 17. Nf3 Rad8 18. fxe5 Nxe5 19. Nxe5 Qxe5 20. Qf4 Rfe8 21. Qxe5 Rxe5 22. Re3 a5 23. Ref3 Rd6 24. Ne3 a4 25. a3 c4 26. dxc4 Rxe4 27. Rd1 Rxd1+ 28. Nxd1 Re1+ 29. Rf1 Re2 1/2-1/2

[Event "Altenkirchen Seniors op 19th"]
[Site "Altenkirchen"]
[Date "2022.07.26"]
[Round "8"]
[White "Lehmann, Martin"]
[Black "Zunker, Reinhard"]
[Result "1/2-1/2"]
[WhiteElo "1945"]
[BlackElo "2022"]
[PlyCount "32"]
[EventDate "2022.07.19"]
[EventType "swiss"]
[EventRounds "9"]
[EventCountry "GER"]
[SourceTitle "CBM 209 Extra"]
[Source "ChessBase"]
[SourceDate "2022.09.30"]
[SourceVersion "1"]
[SourceVersionDate "2022.09.30"]
[SourceQuality "1"]

1. b3 e5 2. Bb2 Bd6 3. e3 Nf6 4. Na3 Qe7 5. Nc4 c6 6. Nxd6+ Qxd6 7. Nf3 e4 8. Nd4 0-0 9. a4 Re8 10. Qc1 Qc7 11. d3 d5 12. dxe4 Nxe4 13. Bd3 Nc5 14. Be2 Nbd7 15. 0-0 Ne5 16. Nf3 Nxf3+ 1/2-1/2

[Event "GER-ch Seniors 65 31st"]
[Site "Radebeul"]
[Date "2019.04.30"]
[Round "5"]
[White "Zunker, Reinhard"]
[Black "Schmidt, Bodo"]
[Result "0-1"]
[WhiteElo "2046"]
[BlackElo "2313"]
[PlyCount "42"]
[EventDate "2019.04.26"]
[EventType "swiss"]
[EventRounds "9"]
[EventCountry "GER"]
[SourceTitle "CBM 190 Extra"]
[Source "ChessBase"]
[SourceDate "2019.07.15"]
[SourceVersion "1"]
[SourceVersionDate "2019.07.15"]
[SourceQuality "1"]

1. Nf3 d5 2. b3 Bg4 3. Ne5 Bf5 4. d4 e6 5. Bb2 c5 6. e3 Nc6 7. Bd3 Bxd3 8. Nxc6 bxc6 9. Qxd3 Nf6 10. Nd2 Be7 11. 0-0 0-0 12. Nf3 a5 13. Ne5 Qc7 14. Rac1 Bd6 15. f4 Qb6 16. Kh1 a4 17. Ba1 Bxe5 18. dxc5 Qxc5 19. Bxe5 Ne4 20. c4 Qa3 21. cxd5 Qxc1 0-1

[Event "GER-ch Seniors 65 31st"]
[Site "Radebeul"]
[Date "2019.04.27"]
[Round "2"]
[White "Syre, Christian"]
[Black "Zunker, Reinhard"]
[Result "0-1"]
[WhiteElo "2210"]
[BlackElo "2046"]
[PlyCount "138"]
[EventDate "2019.04.26"]
[EventType "swiss"]
[EventRounds "9"]
[EventCountry "GER"]
[SourceTitle "CBM 190 Extra"]
[Source "ChessBase"]
[SourceDate "2019.07.15"]
[SourceVersion "1"]
[SourceVersionDate "2019.07.15"]
[SourceQuality "1"]

1. d4 Nf6 2. c4 e6 3. Nf3 d5 4. Nc3 c6 5. e3 Bd6 6. Qc2 Nbd7 7. Bd3 0-0 8. Bd2 e5 9. cxd5 cxd5 10. dxe5 Nxe5 11. Nb5 Bg4 12. Nxe5 Bxe5 13. h3 Bd7 14. Nd4 Bxd4 15. exd4 Re8+ 16. Be3 Qa5+ 17. Qd2 Qxd2+ 18. Kxd2 Ne4+ 19. Ke2 Rac8 20. Rhc1 f5 21. Rxc8 Rxc8 22. Rc1 Rxc1 23. Bxc1 Kf7 24. Bf4 Ke6 25. h4 a6 26. Be5 g6 27. Ke3 Nf6 28. f3 Be8 29. b3 Bc6 30. a4 Nd7 31. Bc7 Nf8 32. g3 Kd7 33. Be5 Ne6 34. g4 fxg4 35. fxg4 Ke7 36. g5 Be8 37. Bf6+ Kd6 38. Be5+ Ke7 39. Bf6+ Kd6 40. Bc2 Bf7 41. Bd3 Be8 42. Kd2 Kc7 43. Kc3 Kb6 44. Be5 Bf7 45. Bf1 Be8 46. Bh3 Bf7 47. Kb4 a5+ 48. Kc3 Kc6 49. Bf1 Nc7 50. b4 b6 51. Bd3 Be8 52. Be2 Bd7 53. Bf3 Be6 54. Bg2 Bf7 55. Kb3 Be6 56. Bf3 Bf7 57. Be2 Be6 58. Bd3 Bf7 59. Bg3 Kb7 60. Be5 Kc6 61. Ka3 Kb7 62. Bf6 Ne6 63. Be5 Nc7 64. Bg7 Na6 65. Bb5 Nxb4 66. Kb3 Nc6 67. Kc3 Kc7 68. Bf6 Be6 69. Kd2 Bd7 0-1

[Event "GER-ch Seniors 65"]
[Site "Hamburg"]
[Date "2018.07.22"]
[Round "2"]
[White "Kiefer, Gerhard"]
[Black "Zunker, Reinhard"]
[Result "1-0"]
[WhiteElo "2256"]
[BlackElo "2024"]
[PlyCount "49"]
[EventDate "2018.07.21"]
[EventType "swiss"]
[EventRounds "9"]
[EventCountry "GER"]
[SourceTitle "CBM 186 Extra"]
[Source "ChessBase"]
[SourceDate "2018.08.24"]
[SourceVersion "1"]
[SourceVersionDate "2018.08.24"]
[SourceQuality "1"]

1. e4 c5 2. Nf3 d6 3. d4 cxd4 4. Nxd4 Nf6 5. Nc3 g6 6. Be3 Bg7 7. f3 0-0 8. Qd2 Nc6 9. g4 a6 10. 0-0-0 Nxd4 11. Bxd4 b5 12. g5 Nd7 13. Bxg7 Kxg7 14. h4 Bb7 15. h5 Rh8 16. Qd4+ f6 17. Bh3 Ne5 18. f4 Nf7 19. Be6 Bc8 20. gxf6+ exf6 21. Bxf7 Kxf7 22. hxg6+ Kxg6 23. f5+ Kg7 24. Rdg1+ Kf8 25. Rh6 1-0

[Event "Rhein Main op-A 21st"]
[Site "Bad Homburg"]
[Date "2018.06.01"]
[Round "4"]
[White "Laux, Dominik"]
[Black "Zunker, Reinhard"]
[Result "1-0"]
[WhiteElo "1877"]
[BlackElo "2044"]
[PlyCount "53"]
[EventDate "2018.05.30"]
[EventType "swiss"]
[EventRounds "7"]
[EventCountry "GER"]
[SourceTitle "EXT 2019"]
[Source "ChessBase"]
[SourceDate "2018.10.10"]
[SourceVersion "1"]
[SourceVersionDate "2018.10.10"]
[SourceQuality "1"]

1. d4 Nf6 2. Bf4 g6 3. Nc3 d5 4. e3 c6 5. Bd3 Bg7 6. Nf3 Nbd7 7. h4 Nh5 8. Bh2 f5 9. Ng5 Ndf6 10. Be5 e6 11. f3 h6 12. Nh3 Nd7 13. Bxg7 Nxg7 14. Nf4 Qf6 15. Qe2 0-0 16. 0-0-0 Re8 17. g4 e5 18. g5 hxg5 19. hxg5 Qd6 20. dxe5 Nxe5 21. Rh6 Kf7 22. Qf2 Qc5 23. Nce2 Rg8 24. Nd4 Nxd3+ 25. Rxd3 Qc4 26. Nxg6 Qxa2 27. Ra3 1-0

[Event "Rhein Main op-A 21st"]
[Site "Bad Homburg"]
[Date "2018.05.31"]
[Round "2"]
[White "Karsay, Pascal"]
[Black "Zunker, Reinhard"]
[Result "1-0"]
[WhiteElo "2227"]
[BlackElo "2044"]
[PlyCount "111"]
[EventDate "2018.05.30"]
[EventType "swiss"]
[EventRounds "7"]
[EventCountry "GER"]
[SourceTitle "EXT 2019"]
[Source "ChessBase"]
[SourceDate "2018.10.10"]
[SourceVersion "1"]
[SourceVersionDate "2018.10.10"]
[SourceQuality "1"]

1. e4 c5 2. Nf3 e6 3. d4 cxd4 4. Nxd4 Nc6 5. Nc3 Qc7 6. f4 a6 7. Nxc6 bxc6 8. e5 f5 9. Be3 Nh6 10. Qd2 Qa5 11. Be2 Nf7 12. 0-0 Bc5 13. Rad1 Rb8 14. Bxc5 Qxc5+ 15. Kh1 0-0 16. b3 Qa5 17. Ne4 Qd5 18. Bc4 Qxd2 19. Nxd2 d5 20. exd6 Nxd6 21. Rfe1 Kf7 22. Re5 Kf6 23. Rde1 Re8 24. Bd3 Bd7 25. Nc4 Nb5 26. a4 Nc7 27. Rc5 Nd5 28. Ne5 Rbd8 29. g3 Nb4 30. Kg2 Bc8 31. Kf2 Rd5 32. Rxd5 exd5 33. c3 Nxd3+ 34. Nxd3 Rxe1 35. Kxe1 Ke6 36. Kd2 Kd6 37. Ke3 c5 38. b4 c4 39. Ne5 Bb7 40. Kd4 Ba8 41. Nf7+ Ke7 42. Ng5 h6 43. Nf3 Kd6 44. Nh4 Ke6 45. Kc5 d4 46. Kxd4 Kf6 47. Ke3 Bc6 48. Nf3 Bxa4 49. Ne5 Bb3 50. Kd4 g5 51. Nxc4 h5 52. h4 gxh4 53. gxh4 Ke6 54. Kc5 Bd1 55. Ne3 Be2 56. Kc6 1-0

[Event "Rhein Main op-A 21st"]
[Site "Bad Homburg"]
[Date "2018.05.30"]
[Round "1"]
[White "Zunker, Reinhard"]
[Black "Lehmann, Tim"]
[Result "1-0"]
[WhiteElo "2044"]
[BlackElo "1852"]
[PlyCount "119"]
[EventDate "2018.05.30"]
[EventType "swiss"]
[EventRounds "7"]
[EventCountry "GER"]
[SourceTitle "EXT 2019"]
[Source "ChessBase"]
[SourceDate "2018.10.10"]
[SourceVersion "1"]
[SourceVersionDate "2018.10.10"]
[SourceQuality "1"]

1. e4 c5 2. Nf3 d6 3. d4 cxd4 4. Nxd4 Nf6 5. Nc3 a6 6. f3 e5 7. Nb3 Be6 8. Be3 Be7 9. Qd2 0-0 10. 0-0-0 a5 11. Na4 Nbd7 12. Kb1 d5 13. exd5 Bxd5 14. Qf2 Qc7 15. Nbc5 Nxc5 16. Bxc5 Bxc5 17. Qxc5 Qc6 18. Qxc6 Bxc6 19. Nb6 Rad8 20. Be2 Nd5 21. Nxd5 Bxd5 22. c4 Be6 23. Kc2 f6 24. Kc3 Kf7 25. Rxd8 Rxd8 26. Rd1 Rxd1 27. Bxd1 Bf5 28. a3 Ke7 29. c5 Bd7 30. Kc4 Bc6 31. Bc2 g6 32. b4 Ke6 33. bxa5 f5 34. h4 h6 35. Kb4 e4 36. fxe4 fxe4 37. Kc4 Ke5 38. g3 g5 39. hxg5 hxg5 40. Bd1 Bd7 41. Be2 e3 42. Kd3 Kd5 43. Bf3+ Kxc5 44. Bxb7 Kb5 45. a6 Kb6 46. Kxe3 g4 47. Kf4 Ka7 48. Be4 Kxa6 49. Bf5 Be8 50. Bxg4 Ka5 51. Bd1 Kb6 52. g4 Kc7 53. Ke5 Bg6 54. Kf6 Bd3 55. g5 Kc6 56. g6 Bc4 57. Bg4 Kd6 58. a4 Bb3 59. g7 Bc4 60. Bh5 1-0

[Event "Bayern-chI Bank Hofmann 20th"]
[Site "Bad Wiessee"]
[Date "2016.10.30"]
[Round "2"]
[White "Melkumyan, Hrant"]
[Black "Zunker, Reinhard"]
[Result "1-0"]
[WhiteElo "2653"]
[BlackElo "2110"]
[PlyCount "55"]
[EventDate "2016.10.29"]
[EventType "swiss"]
[EventRounds "9"]
[EventCountry "GER"]
[SourceTitle "CBM 175 Extra"]
[Source "ChessBase"]
[SourceDate "2016.12.12"]
[SourceVersion "1"]
[SourceVersionDate "2016.12.12"]
[SourceQuality "1"]

1. e4 c5 2. Nf3 Nc6 3. Bb5 g6 4. Bxc6 dxc6 5. d3 Bg7 6. h3 Nf6 7. Nc3 0-0 8. Bf4 Nd7 9. Qd2 Re8 10. 0-0 e5 11. Bh6 Bh8 12. Nh2 f6 13. Kh1 Qe7 14. Ne2 Bg7 15. Ng3 Nf8 16. Bxg7 Qxg7 17. f4 Qh6 18. Ne2 Be6 19. Qe3 Nd7 20. Rf3 f5 21. Raf1 fxe4 22. dxe4 Bc4 23. Ng4 Qg7 24. f5 gxf5 25. exf5 Nf6 26. Rg3 Nh5 27. Nh6+ Kh8 28. Rxg7 1-0

[Event "Schleswig Holstein-ch Seniors op 10th"]
[Site "Buesum"]
[Date "2016.09.29"]
[Round "4"]
[White "Zunker, Reinhard"]
[Black "Ackermann, Hans Werner"]
[Result "1/2-1/2"]
[WhiteElo "2110"]
[BlackElo "2360"]
[PlyCount "41"]
[EventDate "2016.09.26"]
[EventType "swiss"]
[EventRounds "9"]
[EventCountry "GER"]
[SourceTitle "EXT 2019"]
[Source "ChessBase"]
[SourceDate "2018.10.10"]
[SourceVersion "1"]
[SourceVersionDate "2018.10.10"]
[SourceQuality "1"]

1. Nf3 d6 2. d4 Bg4 3. e3 Nf6 4. Be2 c6 5. c4 Nbd7 6. Nc3 h6 7. h3 Bf5 8. Bd3 Bxd3 9. Qxd3 e6 10. e4 e5 11. Be3 Qc7 12. 0-0 Be7 13. Rac1 0-0 14. b4 exd4 15. Nxd4 Ne5 16. Qe2 Rfe8 17. f4 Ng6 18. Nf5 Bd8 19. Qd3 Be7 20. g4 Red8 21. Qc2 1/2-1/2

[Event "GER-chA Seniors 28th"]
[Site "Niederhausen"]
[Date "2016.08.21"]
[Round "9"]
[White "Cichy, Michael"]
[Black "Zunker, Reinhard"]
[Result "1/2-1/2"]
[WhiteElo "2033"]
[BlackElo "2140"]
[PlyCount "56"]
[EventDate "2016.08.13"]
[EventType "swiss"]
[EventRounds "9"]
[EventCountry "GER"]
[SourceTitle "EXT 2019"]
[Source "ChessBase"]
[SourceDate "2018.10.10"]
[SourceVersion "1"]
[SourceVersionDate "2018.10.10"]
[SourceQuality "1"]

1. d4 Nf6 2. Nf3 g6 3. c4 Bg7 4. Nc3 d5 5. Qb3 dxc4 6. Qxc4 0-0 7. e4 a6 8. Be2 b5 9. Qb3 Bb7 10. e5 Nd5 11. 0-0 e6 12. Ne4 Nf4 13. Bxf4 Bxe4 14. Rac1 Bd5 15. Qc3 Nc6 16. Rfd1 Qd7 17. b3 Rfc8 18. Bg5 h6 19. Be3 Bf8 20. Qb2 Ne7 21. Ne1 Nf5 22. Nd3 Kh7 23. Nc5 Bxc5 24. Rxc5 c6 25. Qd2 a5 26. Rdc1 Rf8 27. h3 a4 28. b4 Ra7 1/2-1/2